Gaming Quiz

Random Gaming or Board Games Quiz

Board Game Bonanza Quiz Stats

Quiz Updated Jun 25, 2012

Also try: Speed Gaming
Challenge
Share
Tweet
Embed
Score 0/12 Timer 04:00
0 Plays Today
% Correct
???
97.2%
???
88.3%
???
84.8%
???
77.7%
???
75.4%
???
49%
???
47.4%
???
46.8%
???
46.1%
???
45.5%
???
38.1%
???
27%

You're not logged in!

Compare scores with friends on all Sporcle quizzes.
Sign Up with Email
OR
Log In

You Might Also Like...

Show Comments

Extras

Top Quizzes Today


Score Distribution

Your Account Isn't Verified!

In order to create a playlist on Sporcle, you need to verify the email address you used during registration. Go to your Sporcle Settings to finish the process.